000 00461nam a22001697a 4500
003 MPLRDC
005 20220104123740.0
008 210129b ||||| |||| 00| 0 eng d
082 _a414.11 PJ v.1
100 _a裴鉴著; 中国科学院植物研究所编辑
245 _a中国药用植物志. 第一册
_c
250 _a一版一刷
260 _a
_b科学出版社
_c1955
300 _b
650 _a中国医药--图说
942 _cBK
_o414.11 PJ v.1
999 _c13888
_d13878